Music of the Vai of Liberia /

Bibliographic Details
Corporate Authors: Smithsonian/Folkways Recordings, Folkways Records
Other Authors: Monts, Jeanne, Monts, Lester Parker
Format: CD Audio
Language:Mende
Mandingo
Published: [Washington, D.C.] : Smithsonian Folkways Recordings, ©1982.
Series:Custom compact disc series.
Subjects:

MARC

Tag First Indicator Second Indicator Subfields
LEADER 00000cjm a2200000Ia 4500
001 in00002228708
005 20151104184523.0
007 sd fungnn|||eu
008 020930p20011982waufmn bik men d
028 0 2 |a FE 4388  |b Smithsonian Folkways Recording 
028 0 2 |a FE 4388  |b Smithsonian Folkways 
028 0 2 |a F 4388  |b Folkways 
035 |a (OCoLC)ocm50697427 
035 |a (OCoLC)50697427 
040 |a IEC  |c IEC  |d OCLCQ  |d TXA  |d UtOrBLW 
041 0 |a man  |g eng 
043 |a f-lb--- 
049 |a TXAM 
090 |a M1831.V35  |b M87 2001 
245 0 0 |a Music of the Vai of Liberia /  |c recorded by [Jeanne Monts and] Lester P. Monts. 
264 1 |a [Washington, D.C.] :  |b Smithsonian Folkways Recordings,  |c ©1982. 
264 4 |c [©1982] 
300 |a 1 sound disc (approximately 43 min.) :  |b digital ;  |c 4 3/4 in. 
306 |a 004300 
336 |a performed music  |b prm  |2 rdacontent 
337 |a audio  |b s  |2 rdamedia 
338 |a audio disc  |b sd  |2 rdacarrier 
490 1 |a Custom compact disc series 
500 |a Songs and dance music ; sung in Vai, Mende or Arabic. 
518 |a Recorded in Liberia between 1977 and 1981. 
500 |a Program notes by Lester P. Monts (8 pages : ill.) in container. 
505 0 |a Sande Ziawa song (1:55) -- Topical song (3:25) -- Masked dancer song (:55) -- Masked dancer song for Bowu (1:28) -- Masked dancer song for Zoba (1:35) -- Sangba rhythms for Bowu (2:10) -- Historical song (:52) -- Koningai music and story (4:44) -- Topical song (4:07) -- Children's game song (1:36) --Muslim anthems (2:22) -- Arabic birthing song (1:43) -- Kleng rhythms for Yavi (2:11) -- Storytelling (8:34) -- Topical song (5:10). 
500 |a Compact disc. 
500 |a Sound recording. 
650 0 |a Vai (African people)  |z Liberia  |v Music. 
650 0 |a Folk music  |z Liberia. 
650 0 |a Songs, Vai  |z Liberia. 
650 0 |a Songs, Mende  |z Liberia. 
650 0 |a Songs, Arabic  |z Liberia. 
650 0 |a Dance music  |z Liberia. 
650 0 |a Folk dance music  |z Liberia. 
650 0 |a Music  |z Liberia. 
700 1 |a Monts, Jeanne. 
700 1 |a Monts, Lester Parker. 
710 2 |a Smithsonian/Folkways Recordings. 
710 2 |a Folkways Records. 
830 0 |a Custom compact disc series. 
948 |a cataloged  |b h  |c 2007/4/24  |d c  |e bwalker  |f 8:40:33 am 
994 |a C0  |b TXA 
999 |a MARS 
999 f f |s 45d77709-bf0a-312e-be29-d1e45596201e  |i 5bff2362-47cb-351d-b2fc-9915398c4d66  |t 0 
952 f f |p ric  |a Texas A&M University  |b Rellis Campus  |c Joint Library Facility  |d Remote Storage  |t 0  |e M1831.V35 M87 2001  |h Library of Congress classification  |i audio -- audio disc  |m A14835848503 
998 f f |a M1831.V35 M87 2001  |t 0  |l Remote Storage